Statistics for UNESCO Sites by Picture #2

Click here to take the quiz!

General Stats

  • This quiz has been taken 46 times
  • The average score is 8 of 15

Answer Stats

Answer% Correct
Statue of Liberty
100%
Sydney Opera House
89%
Forbidden City
84%
Giant's Causeway
59%
Iguazu National Park
59%
Venice
59%
Old City of Jerusalem
55%
Cologne Cathedral
52%
Palace of Versailles
48%
Yosemite National Park
36%
Brasilia
27%
Jaipur
27%
Potala Palace
27%
Himeji Castle
25%
Taos Pueblo
16%

Score Distribution

Percentile by Number Answered

Percent of People with Each Score

Your Score History

You have not taken this quiz